书目信息 |
| 题名: |
线性代数习题集
|
|
| 作者: | 胡显佑 , 彭勇行 编著 | |
| 分册: | ||
| 出版信息: | 天津 南开大学出版社 2004.03 |
|
| 页数: | 374页 | |
| 开本: | 20cm | |
| 丛书名: | ||
| 单 册: | ||
| 中图分类: | O152.26 | |
| 科图分类: | ||
| 主题词: | 线性代数--高等学校--习题 | |
| 电子资源: | ||
| ISBN: | 7-310-02056-1 | |
| 000 | 00862nam0 2200241 450 | |
| 001 | 0104844521 | |
| 005 | 20050922164222.42 | |
| 010 | @a7-310-02056-1@dCNY20.00 | |
| 100 | @a20040318d2004 km y0chiy0120 ea | |
| 101 | 0 | @achi |
| 102 | @aCN@b120000 | |
| 105 | @ay z 000yy | |
| 200 | 1 | @a线性代数习题集@AXian Xing Dai Shu Xi Ti Ji@f胡显佑, 彭勇行编著@Fhu xian you,peng yong xing bian zhu |
| 210 | @a天津@c南开大学出版社@d2004.03 | |
| 215 | @a374页@d20cm | |
| 330 | @a本书分为六章,每章首先叙述有关概念、性质和公式,然后按计算题、证明题和选择题分类编选了经典习题。 | |
| 333 | @a高等学校经济、管理与理工科非数学专业必修数学基础课程习题集第二分册 | |
| 606 | 0 | @a线性代数@x高等学校@x习题 |
| 690 | @aO152.26@v4 | |
| 701 | 0 | @a胡显佑@AHu Xian You@4编著 |
| 701 | 0 | @a彭勇行@APeng Yong Xing@4编著 |
| 801 | 0 | @aCN@bQSSK@c20050922 |
| 905 | @a10447@dO152.26@eH518 | |
| 线性代数习题集/胡显佑, 彭勇行编著.-天津:南开大学出版社,2004.03 |
| 374页;20cm |
| 使用对象:高等学校经济、管理与理工科非数学专业必修数学基础课程习题集第二分册 |
| ISBN 7-310-02056-1:CNY20.00 |
| 本书分为六章,每章首先叙述有关概念、性质和公式,然后按计算题、证明题和选择题分类编选了经典习题。 |
| ● |
| 相关链接 |
|
|
|
正题名:线性代数习题集
索取号:O152.26/H518
 
预约/预借
| 序号 | 登录号 | 条形码 | 馆藏地/架位号 | 状态 | 备注 |
| 1 | 526284 | 205262847 | 自科库401/401自科库 42排1列2层/ [索取号:O152.26/H518] | 在馆 | |
| 2 | 526285 | 205262856 | 自科库401/401自科库 42排1列2层/ [索取号:O152.26/H518] | 在馆 | |
| 3 | 526286 | 205262865 | 自科库401/401自科库 42排1列2层/ [索取号:O152.26/H518] | 在馆 |